000 00464nam a2200181Ia 4500
008 240729s9999 xx 000 0 und d
022 _a2948-1589
245 0 _aDiscover Geoscience
260 _aSwitzerland
260 _bSpringer
650 _a Geology | Science
650 _a Geophysics. Cosmic physics
650 _a Physics
650 _aScience
856 _uhttps://doaj.org/toc/6d3fbbc026d8423cbd9521172eee7e9c
942 _2ddc
942 _cDOAJEJ
999 _c74841
_d74841
945 _a1
_bMadushi Gamage
_c1
_dMadushi Gamage